[Event "Quebec-ch qual U1200"]
[Site "Montreal"]
[Date "2005.10.08"]
[Round "2"]
[White "Lawson, Bianca"]
[Black "Ironman, Jules"]
[Result "1-0"]
[WhiteElo "1130"]
[BlackElo "1062"]
[PlyCount "102"]
[EventDate "2005.10.08"]
[EventType "swiss"]
[EventRounds "3"]
[EventCountry "CAN"]
[SourceTitle "EXT 2009"]
[Source "ChessBase"]
[SourceDate "2008.11.26"]
[SourceVersion "1"]
[SourceVersionDate "2008.11.26"]
[SourceQuality "1"]

1. e4 c5 2. Nf3 d6 3. d4 cxd4 4. Nxd4 Nf6 5. Nc3 e6 6. Be3 a6 7. Be2 Bd7 8. Qd2 Nc6 9. 0-0 Be7 10. a3 Qc7 11. Rad1 0-0 12. Bg5 Rad8 13. Nf3 Ne8 14. Bxe7 Nxe7 15. Rfe1 Ng6 16. Bf1 f5 17. exf5 exf5 18. Qd5+ Kh8 19. Ng5 Bc6 20. Qd4 Bd7 21. Bc4 Qc5 22. Nf7+ Rxf7 23. Bxf7 Qxd4 24. Rxd4 Nf6 25. Bxg6 hxg6 26. Rxd6 Re8 27. Rxe8+ Bxe8 28. Rd8 Kh7 29. Nd5 Nxd5 30. Rxd5 Bc6 31. Rd4 Kg8 32. f3 Kf7 33. Kf2 Kg8 34. c4 Kh7 35. g4 fxg4 36. fxg4 Kh6 37. h4 Kh7 38. Rd8 g5 39. hxg5 Kg6 40. Rg8 Kxg5 41. Rxg7+ Kf6 42. Rg8 Kf7 43. Rd8 Ke7 44. Rd2 Be8 45. Kg3 Bf7 46. c5 Ke8 47. b4 Ke7 48. Kf4 Ke8 49. g5 Ke7 50. Rd6 Be8 51. Ke5 Bf7 1-0